| 000 | 00861cab a2200253 4500 | ||
|---|---|---|---|
| 001 | ABS47389 | ||
| 008 | 090401t1992 xxu||||| |||| 00| 0 eng d | ||
| 035 | _a(Sirsi) u61797 | ||
| 041 | _aeng | ||
| 100 | _aEnsom, T. | ||
| 245 | _aJCT`s design and build | ||
| 260 | _c1992 | ||
| 350 | _a0 | ||
| 490 |
_aChartered Quantity Surveyor _v15(3) November 1992, 27(1) |
||
| 520 | _aCompares the role of contract administrator and employer`s agent, the latter being introduced in JCT WCD81 for use in design and build contracts. | ||
| 650 | _aCONTRACT ADMINISTRATOR | ||
| 650 | _aDESIGN AND BUILD | ||
| 650 | _aEMPLOYERS AGENTS | ||
| 650 | _aJCT 1981 WITH CONTRACTORS DESIGN | ||
| 650 | _aJCT STANDARD FORM OF CONTRACT WITH CONTRACTOR'S DESIGN (1981 EDITION) | ||
| 690 | _aBUILT ENVIRONMENT-BUILDING CONTRACT FORMS | ||
| 942 | _n0 | ||
| 948 | _c04/03/1997 | ||
| 999 |
_c38325 _d38325 |
||